000 00687nam a22002057a 4500
999 _c10978
_d10978
003 AR-CdUCM
008 190402b ||||| |||| 00| 0 spa d
040 _aMUNICIPALIDAD PROVINCIAL DEL CUSCO
_cBIBLIOTECA MUNICIPAL DEL CUSCO
082 _aEP / 372.461 /
_bZ37
100 _aZapata Santillana, Everardo
_927530
245 _aLecturas Integradas Carlitos y Carolina :
260 _aLima :
_bNavarrete,
_c1995.
300 _a160 paginas ;
_bilustraciones, graficos, dibujos, cuadros,
_c28 cm.
440 _aEdiciones Coquito
_927992
500 _aLecturas integradas
650 _aAprestamiento
_927898
650 _aLecturas integradas
_928077
942 _2ddc
_cLIBROS
945 _apjha